Movies Quiz

Random Movies or Oscar Quiz

25 Actors' Only Career Nominations Quiz Stats

 Plays Quiz not verified by Sporcle

Challenge
Share
Tweet
Embed
Score 0/25 Timer 08:00
0 Plays Today
Hint Answer % Correct
Woody AllenAnnie Hall
92.1%
Sylvester StalloneRocky
91.3%
Don CheadleHotel Rwanda
90.2%
Orson WellesCitizen Kane
84.2%
Eddie MurphyDreamgirls
76.6%
Harrison FordWitness
67.9%
Robert RedfordThe Sting
63.4%
Charles ChaplinThe Great Dictator
61.9%
Omar SharifLawrence of Arabia
61.9%
Gary OldmanTinker Tailor Soldier Spy
60.8%
Clive OwenCloser
60.8%
Ryan GoslingHalf Nelson
58.5%
Gary BuseyThe Buddy Holly Story
57%
Hint Answer % Correct
Ryan O'NealLove Story
56.2%
Alec BaldwinThe Cooler
46%
GĂ©rard DepardieuCyrano de Bergerac
45.3%
James Earl JonesThe Great White Hope
43%
Rock HudsonGiant
38.5%
Gene WilderThe Producers
36.6%
Tony CurtisThe Defiant Ones
31.7%
Sydney GreenstreetThe Maltese Falcon
30.2%
James GarnerMurphy's Romance
24.2%
John CassavetesThe Dirty Dozen
19.2%
Oskar WernerShip of Fools
13.6%
Vittorio de SicaA Farewell to Arms
8.7%

You're not logged in!

Compare scores with friends on all Sporcle quizzes.
OR
Log In

You Might Also Like...

Show Comments

Extras

Top Quizzes Today


Score Distribution

Your Account Isn't Verified!

In order to create a playlist on Sporcle, you need to verify the email address you used during registration. Go to your Sporcle Settings to finish the process.

Report this User

Report this user for behavior that violates our Community Guidelines.

Details: